But was it just? : (Record no. 185664)

000 -LEADER
fixed length control field 01115 a2200241 4500
003 - CONTROL NUMBER IDENTIFIER
control field Nust
005 - DATE AND TIME OF LATEST TRANSACTION
control field 20230307112351.0
010 ## - LIBRARY OF CONGRESS CONTROL NUMBER
LC control number 91035693
020 ## - INTERNATIONAL STANDARD BOOK NUMBER
International Standard Book Number 0385422814 (hard) :
040 ## - CATALOGING SOURCE
Transcribing agency Nust
082 00 - DEWEY DECIMAL CLASSIFICATION NUMBER
Classification number 355.033,ELS
245 00 - TITLE STATEMENT
Title But was it just? :
Remainder of title reflections on the morality of the Persian Gulf War /
Statement of responsibility, etc. Jean Bethke Elshtain ... [et al.] ; with an appendix from La Civiltá¡ cattolica translated by Peter Heinegg ; edited by David E. DeCosse.
250 ## - EDITION STATEMENT
Edition statement 1st ed.
260 ## - PUBLICATION, DISTRIBUTION, ETC.
Place of publication, distribution, etc. New York :
Name of publisher, distributor, etc. Doubleday,
Date of publication, distribution, etc. 1992.
300 ## - PHYSICAL DESCRIPTION
Extent x, 132 p. ;
Dimensions 22 cm.
505 ## - FORMATTED CONTENTS NOTE
Formatted contents note Justice and Injustice in the Gulf War (Page-1), From Last Resort to Endgame (Page-19), Just War as Politics (Page-43), Can Wars be Just? A Palestinian Viewpoint of the Gulf War (Page-61), Whose Just War? Which Peace Stanley Hauerwas (Page-83).
650 #0 - SUBJECT ADDED ENTRY--TOPICAL TERM
Topical term or geographic name entry element Just war doctrine.
9 (RLIN) 37137
650 #0 - SUBJECT ADDED ENTRY--TOPICAL TERM
Topical term or geographic name entry element Persian Gulf War, 1991
General subdivision Moral and ethical aspects.
9 (RLIN) 107045
650 #0 - SUBJECT ADDED ENTRY--TOPICAL TERM
Topical term or geographic name entry element Persian Gulf War, 1991
General subdivision Religious aspects.
9 (RLIN) 107046
700 1# - ADDED ENTRY--PERSONAL NAME
Personal name DeCosse, David E.
9 (RLIN) 79837
700 1# - ADDED ENTRY--PERSONAL NAME
Personal name Elshtain, Jean Bethke,
Dates associated with a name 1941-
9 (RLIN) 107047
942 ## - ADDED ENTRY ELEMENTS (KOHA)
Source of classification or shelving scheme
Koha item type Book
Holdings
Withdrawn status Lost status Source of classification or shelving scheme Damaged status Not for loan Collection code Permanent Location Current Location Date acquired Total Checkouts Full call number Barcode Date last seen Price effective from Koha item type Shelving location Public note
            Military College of Signals (MCS) Military College of Signals (MCS) 12/12/2016   355.033 ELS MCS27998 12/08/2016 12/12/2016 Book    
            Military College of Signals (MCS) Military College of Signals (MCS) 12/12/2016   355.033,ELS MCS27999 12/08/2016 12/12/2016 Book General Stacks Almirah No.74, Shelf No.1
© 2023 Central Library, National University of Sciences and Technology. All Rights Reserved.